[Event "USCL Week 8"]
[Site "Internet Chess Club"]
[Date "2012.10.22"]
[Round "?"]
[White "Yuan, Yuanling"]
[Black "Gorman, Dov"]
[Result "0-1"]
[WhiteElo "2270"]
[BlackElo "2327"]
[PlyCount "58"]
[EventDate "2012.??.??"]

1. e4 c5 2. Nf3 e6 3. d4 cxd4 4. Nxd4 Nc6 5. Nxc6 bxc6 6. Be3 Nf6 7. Nd2 d5 8.
e5 Nd7 9. f4 Bc5 10. Bxc5 Nxc5 11. Qg4 O-O 12. Nb3 f5 13. Qf3 Ne4 14. Qe3 c5
15. Be2 d4 16. Qh3 Qb6 17. c3 a5 18. Rb1 Rd8 19. Bc4 Kh8 20. a4 Ba6 21. Bxa6
Rxa6 22. cxd4 Qb4+ 23. Ke2 c4 24. Qh4 Raa8 25. Nc5 Qd2+ 26. Kf1 Rxd4 27. Nxe4
Rxe4 28. g3 Re2 29. Qh3 Qd3 0-1

[Event "USCL Week 8"]
[Site "Internet Chess Club"]
[Date "2012.10.22"]
[Round "?"]
[White "Krasik, Ilya"]
[Black "Ryba, Andrew"]
[Result "1-0"]
[WhiteElo "2246"]
[BlackElo "2202"]
[PlyCount "81"]
[EventDate "2012.??.??"]

1. d4 Nf6 2. c4 e6 3. Nf3 d5 4. Nc3 Bb4 5. cxd5 exd5 6. Bg5 Nbd7 7. e3 c5 8.
Bd3 Qa5 9. Qc2 O-O 10. O-O Re8 11. dxc5 Bxc3 12. bxc3 Qxc5 13. Rab1 h6 14. Bh4
a6 15. a4 b6 16. Nd4 Bb7 17. Bf5 Bc6 18. Rfd1 Ne4 19. c4 g5 20. f3 Nef6 21. Be1
Bb7 22. cxd5 Bxd5 23. Qf2 Nf8 24. h4 Be6 25. Bb4 Qc7 26. hxg5 hxg5 27. Rbc1 Qb8
28. Nc6 Qb7 29. Qg3 N8h7 30. Bxe6 Rxe6 31. Nd8 Qa7 32. Nxe6 fxe6 33. Qe5 Qf7
34. Rc7 Qe8 35. Re7 Qxa4 36. Qxe6+ Kh8 37. Rxh7+ Kxh7 38. Qf7+ Kh6 39. Qxf6+
Kh5 40. g4+ Kh4 41. Be1+ 1-0

[Event "USCL Week 8"]
[Site "Internet Chess Club"]
[Date "2012.10.22"]
[Round "?"]
[White "Gulamali, Kazim"]
[Black "Schneider, Dmitry"]
[Result "0-1"]
[WhiteElo "2443"]
[BlackElo "2522"]
[PlyCount "76"]
[EventDate "2012.??.??"]

1. Nf3 d5 2. d4 c5 3. c4 e6 4. g3 Nc6 5. cxd5 exd5 6. Bg2 Nf6 7. O-O Be7 8. Nc3
O-O 9. Be3 c4 10. Ne5 Be6 11. Qa4 Qc8 12. Rfc1 Rd8 13. b3 Nxe5 14. dxe5 Ng4 15.
Bd4 Bc5 16. e3 Bd7 17. Qa5 b6 18. Bxc5 bxa5 19. Bd6 Bc6 20. h3 Rxd6 21. exd6
Nf6 22. bxc4 dxc4 23. e4 Qe6 24. Re1 Nd7 25. Rad1 Ne5 26. Nd5 Bxd5 27. Rxd5 Rd8
28. Rb1 c3 29. Rc1 Rxd6 30. Rxc3 f6 31. f4 Nc6 32. Rdc5 Rd1+ 33. Kh2 Rd2 34.
R3c4 Ne7 35. Rc7 Kf8 36. a4 Qb6 37. Rc1 Qf2 38. Rg1 Rd3 0-1

[Event "USCL Week 8"]
[Site "Internet Chess Club"]
[Date "2012.10.22"]
[Round "?"]
[White "Gulko, Boris"]
[Black "Wang, Kevin"]
[Result "0-1"]
[WhiteElo "2590"]
[BlackElo "2366"]
[PlyCount "90"]
[EventDate "2012.??.??"]

1. d4 d5 2. c4 e6 3. Nc3 c6 4. e4 Bb4 5. cxd5 exd5 6. e5 c5 7. a3 Bxc3+ 8. bxc3
Ne7 9. Nf3 O-O 10. Bd3 Bf5 11. O-O Nbc6 12. dxc5 Bxd3 13. Qxd3 Ng6 14. Rd1 Qc7
15. Qf5 Nce7 16. Qh5 Qxc5 17. Rb1 b6 18. Nd4 Nc6 19. Nf5 Nce7 20. Nxg7 Kxg7 21.
Bh6+ Kg8 22. Rd3 Qc4 23. Rh3 Qe4 24. Rd1 Nf5 25. Bxf8 Nfh4 26. Qg5 Rxf8 27. Re3
Qf5 28. Qxf5 Nxf5 29. Rf3 Nfe7 30. Re3 Rc8 31. g3 Rc4 32. f4 Ra4 33. Ra1 Nf8
34. Kf2 Ne6 35. Kf3 Kg7 36. Ree1 Rc4 37. Re3 d4 38. Rd3 dxc3 39. Rc1 c2 40. Ke3
Nf5+ 41. Kd2 Nfd4 42. Rf1 Nc5 43. Rxd4 Rxd4+ 44. Kxc2 Rd3 45. f5 Rxa3 0-1

[Event "USCL Week 8"]
[Site "Internet Chess Club"]
[Date "2012.10.22"]
[Round "?"]
[White "Balakrishnan, Praveen"]
[Black "Zimmer, Ralph"]
[Result "0-1"]
[WhiteElo "2097"]
[BlackElo "2304"]
[PlyCount "94"]
[EventDate "2012.??.??"]

1. e4 g6 2. d3 Bg7 3. Nf3 e5 4. g3 Ne7 5. Bg2 d5 6. Nbd2 O-O 7. O-O Nbc6 8. Re1
dxe4 9. dxe4 h6 10. a4 f5 11. exf5 gxf5 12. c3 e4 13. Nh4 Ne5 14. Bf1 Nd3 15.
Bxd3 Qxd3 16. Qh5 Be6 17. Ng2 Bf7 18. Qh3 Rad8 19. Nf1 Rd6 20. Bf4 Rc6 21. Red1
Qc2 22. Rd2 Qb3 23. Nfe3 Be6 24. Qh5 Kh7 25. a5 Ng6 26. Ra3 Qb5 27. g4 Ne5 28.
Bxe5 fxg4 29. Nd5 Rf5 30. Qe8 Rxe5 31. Ne7 Bc4 32. Ne3 Qc5 33. Rd7 Rf6 34. Ra4
Bf7 35. Qd8 Qb5 36. Rb4 Qe2 37. N7f5 Rexf5 38. Nxf5 Rxf5 39. Rd2 Qe1+ 40. Kg2
e3 41. Qd3 exd2 42. Qxf5+ Bg6 43. Qxg4 d1=Q 44. Qc4 Qg1+ 45. Kh3 Qh5+ 46. Qh4
Bf5+ 47. Rg4 Qgxg4# 0-1

[Event "USCL Week 8"]
[Site "Internet Chess Club"]
[Date "2012.10.22"]
[Round "?"]
[White "Shvartsman, Andrew"]
[Black "Vilenchuk, Michael"]
[Result "1-0"]
[WhiteElo "2343"]
[BlackElo "2306"]
[PlyCount "107"]
[EventDate "2012.??.??"]

1. e4 c5 2. Nf3 d6 3. Nc3 Nf6 4. g3 g6 5. Bg2 Bg7 6. O-O Nc6 7. d3 O-O 8. Ne1
Rb8 9. a4 a6 10. f4 Bg4 11. Nf3 Qc8 12. Be3 b5 13. axb5 axb5 14. Qd2 b4 15. Nd1
Bxf3 16. Bxf3 Ng4 17. Bxg4 Qxg4 18. f5 Nd4 19. Bxd4 Bxd4+ 20. Kg2 Ra8 21. Rxa8
Rxa8 22. c3 bxc3 23. bxc3 Bf6 24. Qb2 Qg5 25. Rf3 gxf5 26. Rxf5 Qh6 27. Rf3 Qg7
28. Rf2 Qh6 29. Rf4 Bg5 30. Rg4 Kh8 31. Qb3 Qf6 32. Qd5 Ra1 33. h4 Bh6 34. Qb7
Ra2+ 35. Nb2 Bf8 36. Qb8 Qh6 37. Rf4 c4 38. Rxf7 Kg8 39. Rf2 Ra3 40. Nxc4 Rxc3
41. Nb6 Rxd3 42. Nd7 Rxg3+ 43. Kxg3 Qe3+ 44. Rf3 Qg1+ 45. Kh3 Qh1+ 46. Kg3 Qg1+
47. Kf4 e5+ 48. Nxe5 dxe5+ 49. Kxe5 Qc5+ 50. Kf4 Qc1+ 51. Kf5 Qc5+ 52. Qe5 Qa7
53. Rg3+ Kf7 54. Qe6# 1-0

[Event "USCL Week 8"]
[Site "Internet Chess Club"]
[Date "2012.10.22"]
[Round "?"]
[White "Defibaugh, Jared"]
[Black "Kapengut, Albert"]
[Result "0-1"]
[WhiteElo "2357"]
[BlackElo "2367"]
[PlyCount "98"]
[EventDate "2012.??.??"]

1. c4 e5 2. Nc3 Nf6 3. g3 Bb4 4. Bg2 O-O 5. Nf3 Re8 6. O-O e4 7. Nd4 Nc6 8. Nc2
Bxc3 9. dxc3 h6 10. b3 d6 11. Ne3 b6 12. Qc2 Bb7 13. Rd1 Ne7 14. a4 a5 15. b4
Qc8 16. c5 d5 17. Bb2 Qe6 18. Rd2 Nf5 19. Nxf5 Qxf5 20. c4 axb4 21. Rad1 dxc4
22. Qxc4 e3 23. fxe3 Bxg2 24. Kxg2 Qe4+ 25. Qxe4 Nxe4 26. Rd7 bxc5 27. Rxc7
Rac8 28. Rb7 Red8 29. Rd3 Nd6 30. Re7 Kf8 31. Re5 Nc4 32. Rxd8+ Rxd8 33. Rxc5
Nxb2 34. Rb5 Nxa4 35. Rxb4 Nc5 36. Kf3 Ke7 37. h4 Rd6 38. e4 Rf6+ 39. Ke3 Rf1
40. Rc4 Nd7 41. Ra4 h5 42. Ra5 g6 43. Ra7 Kd6 44. Ra6+ Kc5 45. Ra7 Ne5 46. Ra5+
Kd6 47. Ra6+ Ke7 48. Kd4 Ng4 49. Ra3 Rd1+ 0-1

[Event "USCL Week 8"]
[Site "Internet Chess Club"]
[Date "2012.10.22"]
[Round "?"]
[White "Vovsha, Eli"]
[Black "Perelshteyn, Eugene"]
[Result "1/2-1/2"]
[WhiteElo "2514"]
[BlackElo "2587"]
[PlyCount "139"]
[EventDate "2012.??.??"]

1. e4 c5 2. Nf3 g6 3. d4 Bg7 4. c4 Qa5+ 5. Nc3 Nf6 6. Bd2 cxd4 7. Nxd4 Nc6 8.
Nc2 O-O 9. Be2 Qd8 10. O-O b6 11. f4 d6 12. Be3 Bb7 13. Qd2 Rc8 14. Bf3 Qc7 15.
Rac1 Qb8 16. b4 Rfe8 17. g4 Nd7 18. g5 e6 19. Nb5 Bf8 20. Rfd1 Red8 21. Bg2 Qa8
22. Qe2 Ndb8 23. a3 Rd7 24. e5 dxe5 25. Rxd7 Nxd7 26. Rd1 Rd8 27. Nd6 Bxd6 28.
Rxd6 Ne7 29. fxe5 Nf5 30. Bxb7 Qxb7 31. Rd2 Rc8 32. Bf4 Nb8 33. Nd4 Nxd4 34.
Rxd4 Nc6 35. Rd6 Ne7 36. Qd3 Nf5 37. Rd7 Qc6 38. Rd8+ Kg7 39. Rxc8 Qxc8 40. Kf2
Qa8 41. Bg3 a5 42. Qc3 axb4 43. axb4 Qe4 44. c5 bxc5 45. Qxc5 Nd4 46. Qc4 Qf3+
47. Ke1 Nf5 48. Bf4 Nh4 49. Kd2 Ng2 50. Bg3 Qe3+ 51. Kc2 Qxg5 52. Kb3 Qd2 53.
Qc2 Qd5+ 54. Qc4 Qd1+ 55. Qc2 Qf1 56. Qd2 Qf3+ 57. Ka4 h5 58. Bf2 Nf4 59. Bc5
Nd5 60. b5 Qf1 61. Qd4 Qb1 62. b6 Qa2+ 63. Kb5 Qa8 64. h4 Qb7 65. Bd6 Qa8 66.
Qc5 Qe8+ 67. Ka5 Qa8+ 68. Kb5 Qe8+ 69. Ka5 Qa8+ 70. Kb5 1/2-1/2

[Event "USCL Week 8"]
[Site "Internet Chess Club"]
[Date "2012.10.22"]
[Round "?"]
[White "Dehmelt, Karl"]
[Black "Chandran, Kapil"]
[Result "1/2-1/2"]
[WhiteElo "2298"]
[BlackElo "2246"]
[PlyCount "169"]
[EventDate "2012.??.??"]

1. e4 c5 2. Nf3 e6 3. d4 cxd4 4. Nxd4 a6 5. Bd3 Nf6 6. O-O e5 7. Nf3 Nc6 8.
Nbd2 Bc5 9. Nc4 d6 10. Ne3 O-O 11. c4 h6 12. a3 a5 13. Rb1 Qb6 14. Nh4 a4 15.
Kh1 Nd4 16. h3 Bd7 17. f4 exf4 18. Rxf4 Ne6 19. Rxf6 Bxe3 20. Bxe3 Qxe3 21. Rf3
Qc5 22. Rf5 Qd4 23. Rd5 Qf2 24. Qe1 Qxe1+ 25. Rxe1 Nc5 26. Rxd6 Be6 27. Bf1
Rfd8 28. Rxd8+ Rxd8 29. Nf3 Rd6 30. Kg1 Rb6 31. Re2 Bxc4 32. Rc2 Bxf1 33. Rxc5
Bd3 34. Ra5 Bxe4 35. Ne1 Bc6 36. Nd3 Rb3 37. Ne5 Be8 38. Nc4 Kf8 39. Nd6 Bc6
40. Ra8+ Ke7 41. Nf5+ Kd7 42. Nd4 Rxb2 43. Nxc6 Kxc6 44. Rxa4 Kd5 45. Kh2 f5
46. Ra5+ Ke4 47. Ra4+ Ke5 48. Ra5+ Kf4 49. Ra4+ Kg5 50. Kg3 Ra2 51. Kf3 Kf6 52.
h4 g5 53. hxg5+ hxg5 54. Ra8 b5 55. Ra5 g4+ 56. Kg3 Rb2 57. a4 Rb3+ 58. Kh4 Rb2
59. Kg3 b4 60. Rb5 Kg5 61. a5 Rb3+ 62. Kh2 Rb1 63. a6 Ra1 64. Rxb4 Rxa6 65. Rb5
Ra2 66. Kg3 Ra3+ 67. Kh2 Kf4 68. g3+ Ke4 69. Rb4+ Ke5 70. Rb2 Rd3 71. Rf2 Rf3
72. Re2+ Kd4 73. Kg2 Kd3 74. Ra2 Re3 75. Ra3+ Ke4 76. Ra4+ Ke5 77. Ra2 Kf6 78.
Kf2 Rf3+ 79. Kg2 Rc3 80. Kf2 Kg5 81. Kg2 Rc5 82. Rb2 f4 83. gxf4+ Kxf4 84. Rb4+
Kg5 85. Rb2 1/2-1/2

[Event "USCL Week 8"]
[Site "Internet Chess Club"]
[Date "2012.10.22"]
[Round "?"]
[White "Bartell, Tom"]
[Black "Kekelidze, Mikheil"]
[Result "1/2-1/2"]
[WhiteElo "2489"]
[BlackElo "2628"]
[PlyCount "235"]
[EventDate "2012.??.??"]

1. Nf3 Nf6 2. c4 g6 3. g3 Bg7 4. Bg2 c5 5. O-O O-O 6. Nc3 Nc6 7. d4 cxd4 8.
Nxd4 Ng4 9. e3 d6 10. h3 Nge5 11. b3 a6 12. Bb2 Rb8 13. Re1 Nxd4 14. exd4 Nc6
15. d5 Nd4 16. Na4 Nf5 17. Bxg7 Nxg7 18. Nc3 b5 19. cxb5 axb5 20. a4 bxa4 21.
bxa4 Bd7 22. a5 Ra8 23. a6 Qc8 24. Rxe7 Nf5 25. Rxd7 Qxd7 26. Bf1 Qe7 27. Bb5
Nxg3 28. Bc6 Ra7 29. Qe1 Qxe1+ 30. Rxe1 Nf5 31. Bb7 Rb8 32. Rb1 Kf8 33. Kf1 Ng7
34. Rb6 Ne8 35. Nb5 Rxa6 36. Rxa6 Rxb7 37. Nxd6 Nxd6 38. Rxd6 Ke7 39. Ra6 Rd7
40. Ra5 Kf6 41. Kg2 Ke5 42. Ra4 Kxd5 43. h4 Ke5 44. Kg3 Kf6 45. Ra6+ Kg7 46. f3
Rd5 47. Rb6 Kh6 48. Rb7 Rf5 49. Ra7 Kh5 50. Rb7 Kh6 51. Ra7 Kg7 52. Rb7 Kf6 53.
Rb6+ Ke5 54. Rb5+ Ke6 55. Rb6+ Kd7 56. Rb7+ Kc6 57. Ra7 h5 58. Re7 Kd5 59. Ra7
Ke5 60. Ra5+ Kf6 61. Ra6+ Kg7 62. Ra7 Rc5 63. Rb7 Kf6 64. Ra7 Ke6 65. Ra6+ Kf5
66. Ra7 f6 67. Rh7 Rc2 68. Rh8 Rb2 69. Rf8 Rb7 70. Rh8 Rg7 71. Rh6 Ke5 72. Rh8
Kf5 73. Rh6 Ra7 74. Rh8 Ra1 75. Rf8 Rh1 76. Ra8 Rg1+ 77. Kf2 Rd1 78. Rf8 Rd3
79. Kg3 Ke6 80. Rh8 Rd4 81. Rh7 Rd8 82. Rh6 Kf5 83. Rh7 Rg8 84. Rh6 Rg7 85. Rh8
Ke5 86. Re8+ Kd6 87. Rh8 Ke6 88. Rh6 Rg8 89. Rh7 Ke5 90. Rh6 f5 91. Rh7 f4+ 92.
Kg2 Rc8 93. Re7+ Kf6 94. Ra7 Rc2+ 95. Kg1 Rd2 96. Ra5 Re2 97. Rb5 Re5 98. Rb4
Kf5 99. Kg2 Rd5 100. Rb2 Rc5 101. Ra2 Ke5 102. Ra4 Rc2+ 103. Kg1 Rd2 104. Re4+
Kf5 105. Ra4 Re2 106. Rb4 g5 107. Rb5+ Re5 108. Rxe5+ Kxe5 109. hxg5 Kf5 110.
Kg2 Kxg5 111. Kh3 Kf5 112. Kh4 Kg6 113. Kh3 Kg5 114. Kg2 Kf5 115. Kh3 Kf6 116.
Kh4 Kg6 117. Kh3 Kg5 118. Kg2 1/2-1/2

[Event "USCL Week 8"]
[Site "?"]
[Date "2012.10.24"]
[Round "?"]
[White "Wang, Puchen"]
[Black "Kraai, Jesse"]
[Result "0-1"]
[WhiteElo "2509"]
[BlackElo "2567"]
[PlyCount "50"]
[EventDate "2012.??.??"]

1. e4 e6 2. d4 d5 3. Nd2 c5 4. exd5 exd5 5. Bb5+ Nc6 6. Ngf3 Bd6 7. O-O Nge7 8.
dxc5 Bxc5 9. Nb3 Bd6 10. h3 O-O 11. Re1 Bf5 12. Bg5 h6 13. Bh4 Qc7 14. Nfd4 Bh7
15. Bxc6 Nxc6 16. Nb5 Bh2+ 17. Kh1 Qf4 18. Qe2 Qxh4 19. Kxh2 a6 20. Nc3 d4 21.
Nd5 Rad8 22. c4 d3 23. Qe3 Qxc4 24. Nc3 Nb4 25. Na5 Qc8 0-1

[Event "USCL Week 8"]
[Site "?"]
[Date "2012.10.24"]
[Round "?"]
[White "Sevian, Samuel"]
[Black "Safin, Artur"]
[Result "0-1"]
[WhiteElo "2396"]
[BlackElo "2333"]
[PlyCount "92"]
[EventDate "2012.??.??"]

1. e4 e6 2. d4 d5 3. Nc3 Bb4 4. e5 c5 5. a3 Bxc3+ 6. bxc3 Ne7 7. Qg4 O-O 8. Bd3
Nbc6 9. Bg5 Qa5 10. Ne2 Ng6 11. O-O Qa4 12. f4 c4 13. Bxg6 fxg6 14. Ra2 Bd7 15.
h4 Qa6 16. Kf2 Qb6 17. Kg3 Qc7 18. Rh1 Rf5 19. Kh3 Be8 20. Ng3 h6 21. Nxf5 gxf5
22. Qf3 Qf7 23. Rb2 b6 24. Bxh6 gxh6 25. g4 fxg4+ 26. Qxg4+ Kh7 27. Rg1 Ne7 28.
Kh2 Nf5 29. Rbb1 Ba4 30. Rbc1 Rg8 31. Qxg8+ Qxg8 32. Rxg8 Kxg8 33. Kh3 Kf7 34.
h5 b5 35. Kg4 Bxc2 36. Kf3 Be4+ 37. Kf2 Ng7 38. Ra1 Nxh5 39. Ke3 Ng7 40. Ra2
Nf5+ 41. Kf2 Ke7 42. Rb2 a6 43. a4 Nxd4 44. cxd4 c3 45. Ra2 b4 46. Ke3 b3 0-1

[Event "USCL Week 8"]
[Site "?"]
[Date "2012.10.24"]
[Round "?"]
[White "Akobian, Varuzhan"]
[Black "Schroer, Jonathan"]
[Result "1-0"]
[WhiteElo "2697"]
[BlackElo "2414"]
[PlyCount "73"]
[EventDate "2012.??.??"]

1. d4 Nf6 2. c4 e6 3. Nf3 d5 4. Nc3 Be7 5. Bf4 O-O 6. e3 Nbd7 7. c5 c6 8. h3 b6
9. b4 a5 10. a3 Ba6 11. Bxa6 Rxa6 12. O-O Qc8 13. Rb1 axb4 14. axb4 Qb7 15. Qc2
Rc8 16. Rfc1 b5 17. Ra1 Rca8 18. Qb2 Bd8 19. Nd2 Bc7 20. Rxa6 Rxa6 21. Bxc7
Qxc7 22. Ra1 Rxa1+ 23. Qxa1 e5 24. Qa8+ Nb8 25. Nf3 exd4 26. Nxd4 Nfd7 27. f4
g6 28. g4 Nf8 29. Nce2 Kg7 30. Kf2 h6 31. h4 g5 32. Nf5+ Kh7 33. Qa1 Ne6 34.
Qf6 gxf4 35. Nxf4 d4 36. Qxh6+ Kg8 37. Nxd4 1-0

[Event "USCL Week 8"]
[Site "?"]
[Date "2012.10.24"]
[Round "?"]
[White "Jones, Craig"]
[Black "Feng, Roland"]
[Result "1/2-1/2"]
[WhiteElo "2249"]
[BlackElo "2204"]
[PlyCount "155"]
[EventDate "2012.??.??"]

1. a3 Nf6 2. b4 e6 3. Bb2 Be7 4. Nf3 O-O 5. e3 b6 6. c4 Bb7 7. Nc3 d5 8. cxd5
Nxd5 9. Nxd5 Bxd5 10. Rc1 Nd7 11. Bc4 Bxc4 12. Rxc4 c5 13. bxc5 Nxc5 14. d4 Qd5
15. Qc2 Ne4 16. O-O Nd6 17. Rc7 Rfc8 18. Rc1 Bd8 19. Rc6 h6 20. Ne5 Bf6 21. Nd7
Rxc6 22. Qxc6 Kh7 23. Nxf6+ gxf6 24. Qxd5 exd5 25. Rc7 Rc8 26. Rxc8 Nxc8 27. a4
Nd6 28. Bc3 Nc4 29. Kf1 Kg6 30. Ke2 f5 31. f3 Kf6 32. Be1 Nb2 33. a5 bxa5 34.
Bxa5 Nc4 35. Bc3 a5 36. Kd3 a4 37. e4 fxe4+ 38. fxe4 Ke6 39. g4 a3 40. exd5+
Kxd5 41. h4 a2 42. Ba1 f6 43. Bc3 Nd6 44. Ba1 Ne4 45. Ke3 Nd6 46. Kf4 Kc4 47.
d5 Kxd5 48. Bxf6 Nb5 49. Ke3 Kc4 50. Ba1 Na3 51. Kd2 Kd5 52. g5 h5 53. Kc3 Ke6
54. g6 Nb5+ 55. Kb3 Nd6 56. Kxa2 Nf5 57. g7 Kf7 58. Bf6 Nh6 59. Bd4 Kg6 60. Kb3
Kf7 61. Kc4 Ke6 62. Kc5 Ng8 63. Kc6 Ne7+ 64. Kc7 Kf7 65. Kd7 Nf5 66. Bf6 Nh6
67. Bc3 Ng4 68. Bd4 Nh2 69. Kd6 Nf3 70. Bf6 Nd2 71. Ke5 Nf3+ 72. Kf5 Nxh4+ 73.
Kg5 Ng2 74. Kh6 Kg8 75. Kxh5 Nf4+ 76. Kg5 Ne6+ 77. Kg6 Nxg7 78. Bxg7 1/2-1/2

[Event "USCL Week 8"]
[Site "?"]
[Date "2012.10.24"]
[Round "?"]
[White "Adamson, Robby"]
[Black "Rodriguez, Eric"]
[Result "1-0"]
[WhiteElo "2415"]
[BlackElo "2383"]
[PlyCount "63"]
[EventDate "2012.??.??"]

1. Nf3 Nf6 2. c4 e6 3. b3 d5 4. Bb2 Be7 5. g3 O-O 6. Bg2 a5 7. Nc3 c6 8. O-O
Bd7 9. Qc2 b5 10. d4 a4 11. Ne5 Be8 12. Rad1 Ra6 13. e4 a3 14. Bc1 b4 15. Na4
Rxa4 16. bxa4 Nxe4 17. Bxe4 dxe4 18. Qxe4 Qa5 19. Rfe1 c5 20. Qb7 Bd6 21. d5
Bxa4 22. Rd2 b3 23. axb3 a2 24. b4 a1=Q 25. bxa5 Bxe5 26. Rde2 Bc3 27. Bb2
Qxe1+ 28. Rxe1 Bxe1 29. a6 Nxa6 30. Qxa6 exd5 31. Qxa4 d4 32. Ba3 1-0

[Event "USCL Week 8"]
[Site "?"]
[Date "2012.10.24"]
[Round "?"]
[White "Kannappan, Priyadharshan"]
[Black "Kiewra, Keaton"]
[Result "1-0"]
[WhiteElo "2457"]
[BlackElo "2436"]
[PlyCount "57"]
[EventDate "2012.??.??"]

1. d4 Nf6 2. Nd2 d5 3. Ngf3 g6 4. e3 Bg7 5. b4 O-O 6. Bb2 Bg4 7. c4 c6 8. Be2
Nbd7 9. O-O Re8 10. h3 Bxf3 11. Nxf3 Ne4 12. Qb3 Nb6 13. cxd5 cxd5 14. Rfc1 Nd6
15. Nd2 e5 16. dxe5 Bxe5 17. Bxe5 Rxe5 18. a4 Rc8 19. a5 Nd7 20. Nf3 Rf5 21. g4
Rf6 22. Qxd5 Rxc1+ 23. Rxc1 Qb8 24. e4 Re6 25. e5 Qf8 26. Bf1 Qh6 27. Rd1 Qf4
28. exd6 Qxb4 29. Bg2 1-0

[Event "USCL Week 8"]
[Site "?"]
[Date "2012.10.24"]
[Round "?"]
[White "Larson, Matthew"]
[Black "Yanayt, Eugene"]
[Result "0-1"]
[WhiteElo "1918"]
[BlackElo "2339"]
[PlyCount "56"]
[EventDate "2012.??.??"]

1. d4 Nf6 2. c4 g6 3. f3 Bg7 4. e4 d6 5. Nc3 O-O 6. Be3 c5 7. Nge2 Nc6 8. d5
Ne5 9. Ng3 e6 10. Be2 exd5 11. cxd5 a6 12. a4 h5 13. O-O h4 14. Nh1 Nh7 15. Nf2
g5 16. Qd2 Qf6 17. Kh1 Qg6 18. f4 gxf4 19. Bxf4 f5 20. Rae1 Bd7 21. a5 Rae8 22.
exf5 Bxf5 23. Bxe5 Bxe5 24. Nd3 h3 25. g3 Be4+ 26. Kg1 Bxg3 27. Rxf8+ Rxf8 28.
Bh5 Bf2+ 0-1

[Event "USCL Week 8"]
[Site "?"]
[Date "2012.10.24"]
[Round "?"]
[White "Perez, Robert"]
[Black "Ginsburg, Mark"]
[Result "1/2-1/2"]
[WhiteElo "2504"]
[BlackElo "2400"]
[PlyCount "131"]
[EventDate "2012.??.??"]

1. Nf3 g6 2. d4 Bg7 3. c4 d6 4. Nc3 Bg4 5. g3 Bxf3 6. exf3 Nc6 7. d5 Nd4 8. Be3
c5 9. dxc6 Nxc6 10. Qd2 Nf6 11. Be2 O-O 12. O-O Qa5 13. Kg2 Rac8 14. Rac1 Rfd8
15. Rfd1 a6 16. b3 h5 17. h3 e6 18. Bg5 Re8 19. Bxf6 Bxf6 20. Ne4 Qe5 21. Qxd6
Red8 22. Qxe5 Bxe5 23. f4 Bb2 24. Rb1 Ba3 25. Bf3 Kg7 26. Nc3 Bb4 27. Na4 Rb8
28. Bxc6 bxc6 29. Kf3 Kf6 30. Nb2 Bc3 31. Rxd8 Rxd8 32. Rd1 Bd4 33. Na4 Ke7 34.
Rd3 c5 35. Ke2 f5 36. h4 Rd6 37. Nc3 Rb6 38. Na4 Rd6 39. Rd2 a5 40. Rd3 Rd8 41.
Nc3 Bxc3 42. Rxc3 Rb8 43. Kd2 Rb7 44. Kc2 Rb8 45. Re3 Kd6 46. Rd3+ Ke7 47. Kc3
Rb7 48. Rd2 Rb8 49. a3 Ra8 50. Rb2 Kd6 51. Rd2+ Kc6 52. Re2 Kd6 53. Rb2 Kc6 54.
b4 axb4+ 55. axb4 Ra3+ 56. Kd2 cxb4 57. Rxb4 Kc5 58. Rb8 Kxc4 59. Rg8 Kd4 60.
Rxg6 Ke4 61. Rxe6+ Kf3 62. Re5 Kxf2 63. Rxf5 Kxg3 64. Rxh5 Kxf4 65. Rh8 Kg4 66.
h5 1/2-1/2